000 02321cam a22004574i 4500
003 PE-LiUPU
005 20250731184108.0
008 150616s r 000 0 d
035 _a(Sirsi) a3166
040 _aPE-LiUPU
_bspa
_cPE-LiUPU
_erda
049 _aPRUA
082 0 4 _a869.569
_bZ6R
_221
100 1 _aRivera Feijoo, Juan Francisco,
_eautor.
245 1 0 _aCésar Vallejo; mito, religión y destino, estudio caracterológico.
264 1 _aLima :
_bAmaru,
_c1989.
300 _a101 páginas ;
_c20 cm.
336 _atext
_2rdacontent
337 _aunmediated
_2rdamedia
338 _avolume
_2rdacarrier
504 _aIncluye bibliografía.
505 0 _aAspecto teóricos -- La prohibición de vivir -- La prohibición de disfrutar -- La prohibición de confiar -- Emociones no naturales -- El curso de vida argumental: el mito de Tantalo y Vallejo -- La interpretación de Cristo por Vallejo -- Posición existencial de Vallejo -- Argumento y carácter.
526 _aP145
526 _aP127
526 _aP97
526 _aP14
526 _aP07
650 0 4 _aPOETAS - BIOGRAFIA.
910 _ajck
_bjvq
_cjck
942 _2ddc
_cBOOK
949 _a869.569 Z6R
_wDEWEY
_c1
_i11749
_lCCODEBUL1
_mBUL
_p00.00
_r0
_sY
_tBOOK
_u19921105
_xEDUCACION
_PP20
_0COMPRA
_o.STAFF. Colección General
949 _a869.569 Z6R
_wDEWEY
_c2
_i36625
_lCCODEBUL1
_mBUL
_p00.00
_r0
_sY
_tBOOK
_u2015-04-23
_xBIBLIOTECA
_zUNKNOWN
_0COMPRA
_o.STAFF. Colección General
949 _a869.569 Z6R
_wDEWEY
_c3
_i32681
_lCCODEBUL1
_mBUL
_p00.00
_r0
_sY
_tBOOK
_u2015-04-23
_xBIBLIOTECA
_zUNKNOWN
_0COMPRA
_o.STAFF. Colección General
994 _aC0
_bPEPRU
596 _a1
999 _a869.569 Z6R
_wDEWEY
_c39232
_i11749
_f2019-12-11
_g4
_lDISCARD
_mBUL
_r1
_sY
_tBOOK
_u2015-6-16
_xEDUCACION
_PP20
_0COMPRA
_o.STAFF. Colección General
_d39232
999 _a869.569 Z6R
_wDEWEY
_c2
_i36625
_f2019-12-11
_g4
_lDISCARD
_mBUL
_r1
_sY
_tBOOK
_u2015-4-23
_xEDUCACION
_zUNKNOWN
_0COMPRA
_o.STAFF. Colección General
999 _a869.569 Z6R
_wDEWEY
_c3
_i32681
_d2015-10-22
_e2015-10-19
_f2021-11-9
_g5
_lCCODEBUL1
_mBUL
_n1
_r0
_sY
_tBOOK
_u2015-4-23
_xEDUCACION
_zUNKNOWN
_0COMPRA
_o.STAFF. Colección General
980 _81
_gALBERTO SANCHEZ Responsable de Automatización